000 00808cam a22002534a 4500
001 13139456
003 BD-DhUL
005 20170525143754.0
008 030327s2004 nyua b 001 0 eng
010 _a 2003048686
020 _a0195156609
040 _aDLC
_cDLC
_dDLC
_dBD-DhUL
042 _apcc
050 0 0 _aBV4627.A8
_bT53 2004
082 0 0 _a178
_2
_bTIG
100 1 _aTickle, Phyllis.
245 1 0 _aGreed :
_bthe seven deadly sins /
_cPhyllis A. Tickle.
260 _aNew York :
_bNew York Public Library :
_bOxford University Press,
_c2004.
300 _axii, 97 p. :
_bill. ;
_c18 cm.
504 _aIncludes bibliographical references (p. [85]-87) and index.
650 0 _aAvarice
_xReligious aspects
_xChristianity.
906 _a7
_bcbc
_corignew
_d1
_eocip
_f20
_gy-gencatlg
942 _2ddc
_cBK
999 _c203118
_d203118